[Event "Club 608 Online 1 - Open A (-2200)"]
[Date "2021.04.10"]
[Round "4.3"]
[White "Dia, Hussein"]
[Black "Sabapathee, Florian"]
[Result "1-0"]
[BlackCountry "FRA"]
[BlackElo "1477"]
[BlackFideId "45195951"]
[WhiteElo "1849"]

{Clock started by Black. Arbiter stopped clock for 111 seconds.} 1. e4 {[%clk 0:45:57.9] Arbiter adjusted W@0:49:57.0 and B@0:49:54.0. Arbiter stopped clock for 20 seconds.} c5 {[%clk 0:49:53.5]} 2. Nf3 {[%clk 0:49:59.1]} e6 {[%clk 0:50:01.3]} 3. d4 {[%clk 0:49:50.4]} cxd4 {[%clk 0:50:09.1]} 4. Nxd4 {[%clk 0:49:53.5]} Nf6 {[%clk 0:50:17.3]} 5. Nc3 {[%clk 0:49:59.3]} Bb4 {[%clk 0:50:25.0]} 6. Bd3 {[%clk 0:49:56.3]} Nc6 {[%clk 0:50:28.7]} 7. Nb3 {[%clk 0:48:21.3]} d5 {[%clk 0:50:19.0]} 8. exd5 {[%clk 0:47:42.1]} Nxd5 {[%clk 0:50:24.7]} 9. Bd2 {[%clk 0:46:44.1]} 0-0 {[%clk 0:50:04.8]} 10. Qh5 {[%clk 0:37:10.7]} g6 {[%clk 0:49:52.3]} 11. Qh6 {[%clk 0:37:01.0]} Qf6 {[%clk 0:49:43.0]} 12. Ne4 {[%clk 0:35:34.8]} Bxd2+ {[%clk 0:49:42.7]} 13. Nbxd2 {[%clk 0:34:59.9]} Qg7 {[%clk 0:49:00.7]} 14. Qxg7+ {[%clk 0:28:00.0]} Kxg7 {[%clk 0:49:05.5]} 15. c3 {[%clk 0:28:06.5]} Nf4 {[%clk 0:48:54.2]} 16. Bf1 {[%clk 0:28:11.8]} Ne5 {[%clk 0:48:49.5]} 17. Nc5 {[%clk 0:26:18.3]} b6 {[%clk 0:48:46.7]} 18. g3 {[%clk 0:26:23.9]} bxc5 {[%clk 0:48:24.5]} 19. gxf4 {[%clk 0:26:29.3]} Bb7 {[%clk 0:48:23.7]} 20. Rg1 {[%clk 0:26:13.6]} Nf3+ {[%clk 0:48:24.7]} 21. Nxf3 {[%clk 0:26:14.0]} Bxf3 {[%clk 0:48:32.8]} 22. Be2 {[%clk 0:25:54.3]} Bxe2 {[%clk 0:48:38.3]} 23. Kxe2 {[%clk 0:26:00.8]} Rab8 {[%clk 0:48:45.0]} 24. b3 {[%clk 0:25:53.7]} c4 {[%clk 0:48:27.4]} 25. b4 {[%clk 0:25:56.3]} Rfd8 {[%clk 0:48:28.9]} 26. Rgd1 {[%clk 0:25:59.0]} Kf6 {[%clk 0:47:37.3]} 27. Ke3 {[%clk 0:25:47.5]} Kf5 {[%clk 0:47:08.2]} 28. a4 {[%clk 0:25:22.7]} a6 {[%clk 0:46:15.5]} 29. Rab1 {[%clk 0:19:40.7]} f6 {[%clk 0:45:40.3]} 30. Rd4 {[%clk 0:19:21.8]} Rbc8 {[%clk 0:44:24.6]} 31. b5 {[%clk 0:18:50.8]} axb5 {[%clk 0:44:28.2]} 32. Rxb5+ {[%clk 0:16:36.0]} e5 {[%clk 0:44:15.8]} 33. fxe5 {[%clk 0:16:40.9]} fxe5 {[%clk 0:44:22.6] Black offered a draw.} 34. f4 {[%clk 0:12:50.4]} Re8 {[%clk 0:42:52.7]} 35. Rdd5 {[%clk 0:12:18.6]} Rcd8 {[%clk 0:42:44.9]} 36. a5 {[%clk 0:11:14.0]} Rxd5 {[%clk 0:40:53.3]} 37. Rxd5 {[%clk 0:11:19.0]} Ra8 {[%clk 0:40:48.7]} 38. Rxe5+ {[%clk 0:11:19.8]} Kf6 {[%clk 0:40:54.8]} 39. h4 {[%clk 0:10:48.3]} Ra6 {[%clk 0:40:50.5]} 40. Kd4 {[%clk 0:10:48.0]} Rc6 {[%clk 0:40:57.0]} 41. Rc5 {[%clk 0:10:23.2]} Re6 {[%clk 0:39:55.4]} 42. Rxc4 {[%clk 0:09:58.7]} Kf5 {[%clk 0:39:59.6]} 43. Kd5 {[%clk 0:09:25.2]} g5 {[%clk 0:39:39.5]} 44. hxg5 {[%clk 0:09:12.8]} h5 {[%clk 0:39:40.6]} 45. gxh6 {[%clk 0:09:12.0]} {Black Resigned} 1-0

[Event "Club 608 Online 1 - Open B (-1600)"]
[Date "2021.04.10"]
[Round "4.4"]
[White "Alidis, Myron"]
[Black "Choteau, Gurvann"]
[Result "1-0"]
[BlackElo "1135"]
[WhiteElo "1439"]

1. e4 {[%clk 0:50:10.0]} e5 {[%clk 0:50:07.8]} 2. Nf3 {[%clk 0:50:17.8]} Nc6 {[%clk 0:50:14.0]} 3. Nc3 {[%clk 0:50:25.4]} Nf6 {[%clk 0:50:20.7]} 4. d4 {[%clk 0:50:33.5]} exd4 {[%clk 0:50:20.7]} 5. Nxd4 {[%clk 0:50:40.8]} Bb4 {[%clk 0:49:54.6]} 6. Nxc6 {[%clk 0:50:32.2]} bxc6 {[%clk 0:49:37.7]} 7. Bd3 {[%clk 0:50:35.0]} 0-0 {[%clk 0:49:21.0]} 8. 0-0 {[%clk 0:49:53.1]} d6 {[%clk 0:48:50.8]} 9. Bg5 {[%clk 0:49:32.1]} Qe7 {[%clk 0:48:07.2]} 10. f4 {[%clk 0:48:15.5]} Re8 {[%clk 0:46:12.0]} 11. Re1 {[%clk 0:47:48.9]} Qe6 {[%clk 0:44:40.2]} 12. e5 {[%clk 0:47:25.8]} dxe5 {[%clk 0:44:26.1]} 13. Rxe5 {[%clk 0:47:09.6]} Qd6 {[%clk 0:42:01.1]} 14. Bxf6 {[%clk 0:46:59.4]} Re6 {[%clk 0:37:00.2]} 15. Rxe6 {[%clk 0:46:36.5]} Bxe6 {[%clk 0:36:23.2]} 16. Be5 {[%clk 0:46:43.2]} Qd7 {[%clk 0:35:56.9]} 17. a3 {[%clk 0:46:07.4]} Bc5+ {[%clk 0:35:48.1]} 18. Kh1 {[%clk 0:46:04.5]} f6 {[%clk 0:35:36.8]} 19. Ne4 {[%clk 0:46:08.0]} Be7 {[%clk 0:32:48.2]} 20. Bc3 {[%clk 0:46:03.3]} Rd8 {[%clk 0:32:14.2]} 21. Bb4 {[%clk 0:46:03.5]} Bxb4 {[%clk 0:29:54.6]} 22. axb4 {[%clk 0:46:05.0]} Bd5 {[%clk 0:29:52.5]} 23. Nc5 {[%clk 0:45:31.1]} Qh3 {[%clk 0:29:04.4]} 24. Be4 {[%clk 0:45:06.4]} Qh4 {[%clk 0:27:49.6]} 25. Bxd5+ {[%clk 0:44:51.9]} Rxd5 {[%clk 0:27:46.9]} 26. Qe2 {[%clk 0:44:53.5]} h6 {[%clk 0:27:21.2]} 27. g3 {[%clk 0:43:31.6]} Qh3 {[%clk 0:25:54.9]} 28. Rd1 {[%clk 0:43:21.1]} Rf5 {[%clk 0:24:18.7]} 29. Rd8+ {[%clk 0:42:48.9]} Kh7 {[%clk 0:24:17.3]} 30. Ne6 {[%clk 0:42:42.5]} Rh5 {[%clk 0:21:54.5]} 31. Nf8+ {[%clk 0:42:45.6]} Kh8 {[%clk 0:21:38.5]} 32. Ng6+ {[%clk 0:42:31.2]} Kh7 {[%clk 0:21:18.1]} 33. Rh8+ {[%clk 0:42:36.0]} Kxg6 {[%clk 0:21:18.2]} 34. Qe4+ {[%clk 0:42:42.8]} Rf5 {[%clk 0:20:18.5]} 35. Qe8# {[%clk 0:42:49.5]} 1-0

[Event "Club 608 Online 1 - Open C (-1200)"]
[Date "2021.04.10"]
[Round "4.4"]
[White "Vadim, Du Roscoat"]
[Black "Descombes, Maëlle"]
[Result "1-0"]
[BlackElo "1099"]
[WhiteElo "1009"]

1. e4 {[%clk 0:50:10.0]} e5 {[%clk 0:50:03.8]} 2. Nf3 {[%clk 0:50:16.6]} Nc6 {[%clk 0:49:58.3]} 3. Nc3 {[%clk 0:50:21.4]} Bc5 {[%clk 0:49:49.6]} 4. Bb5 {[%clk 0:50:00.0]} a6 {[%clk 0:49:01.5]} 5. Bxc6 {[%clk 0:49:30.9]} bxc6 {[%clk 0:48:28.9]} 6. Nxe5 {[%clk 0:49:22.7]} Qf6 {[%clk 0:47:32.4]} 7. Ng4 {[%clk 0:48:55.7]} Qd4 {[%clk 0:47:12.2]} 8. d3 {[%clk 0:48:32.3]} Nf6 {[%clk 0:46:58.1]} 9. Be3 {[%clk 0:47:51.3]} Qd6 {[%clk 0:46:44.7]} 10. Nxf6+ {[%clk 0:47:44.0]} Qxf6 {[%clk 0:46:42.5]} 11. Bxc5 {[%clk 0:47:48.1]} d6 {[%clk 0:46:25.8]} 12. Be3 {[%clk 0:47:45.0]} 0-0 {[%clk 0:45:57.6]} 13. 0-0 {[%clk 0:47:32.0]} Qg6 {[%clk 0:45:46.9]} 14. Qf3 {[%clk 0:47:00.3]} d5 {[%clk 0:45:26.9]} 15. exd5 {[%clk 0:46:54.5]} cxd5 {[%clk 0:44:59.7]} 16. Nxd5 {[%clk 0:46:51.1]} Bg4 {[%clk 0:44:42.0]} 17. Qg3 {[%clk 0:46:52.0]} Rfd8 {[%clk 0:43:53.1]} 18. Ne7+ {[%clk 0:46:51.3]} Kf8 {[%clk 0:43:53.9]} 19. Nxg6+ {[%clk 0:46:57.6]} hxg6 {[%clk 0:43:56.6]} 20. Qxg4 {[%clk 0:47:03.2]} f5 {[%clk 0:43:45.3]} 21. Qxg6 {[%clk 0:46:48.1]} Rab8 {[%clk 0:43:22.2] Black offered a draw.} 22. Qxf5+ {[%clk 0:46:32.4]} Kg8 {[%clk 0:43:20.0]} 23. b3 {[%clk 0:46:32.7]} Rb4 {[%clk 0:42:07.7]} 24. Qe6+ {[%clk 0:46:10.0]} Kh8 {[%clk 0:41:57.5]} 25. Qe7 {[%clk 0:45:54.2]} Rdb8 {[%clk 0:41:54.9]} 26. a3 {[%clk 0:45:31.4]} R4b5 {[%clk 0:41:38.6]} 27. Bd4 {[%clk 0:45:32.1]} Rg8 {[%clk 0:41:33.5]} 28. Qh4+ {[%clk 0:45:29.9]} Rh5 {[%clk 0:37:56.9]} 29. Qxh5# {[%clk 0:45:35.7]} 1-0

[Event "Club 608 Online 1 - Open A (-2200)"]
[Date "2021.04.10"]
[Round "4.4"]
[White "Dalibert, Anthony"]
[Black "Raux, Samuel"]
[Result "1-0"]
[BlackElo "1761"]
[Termination "time forfeit"]
[WhiteElo "1726"]

{Clock started by Black.} 1. d4 {[%clk 0:49:49.1]} Nf6 {[%clk 0:50:00.7]} 2. c4 {[%clk 0:49:37.6]} g6 {[%clk 0:50:07.4]} 3. Nc3 {[%clk 0:49:44.7]} Bg7 {[%clk 0:50:14.0]} 4. e4 {[%clk 0:49:52.0]} d6 {[%clk 0:50:19.8]} 5. Be2 {[%clk 0:49:59.4]} 0-0 {[%clk 0:50:25.1]} 6. Bg5 {[%clk 0:50:05.6]} Na6 {[%clk 0:48:50.1]} 7. Qd2 {[%clk 0:49:04.4]} c6 {[%clk 0:46:32.1]} 8. Rd1 {[%clk 0:46:11.0]} Qc7 {[%clk 0:45:20.6]} 9. h3 {[%clk 0:45:48.0]} e5 {[%clk 0:44:48.7]} 10. Nf3 {[%clk 0:42:17.6]} Re8 {[%clk 0:33:27.2]} 11. d5 {[%clk 0:40:05.1]} c5 {[%clk 0:33:11.2]} 12. 0-0 {[%clk 0:37:58.5]} Nh5 {[%clk 0:30:23.2]} 13. Nh4 {[%clk 0:31:14.7]} Nf6 {[%clk 0:27:43.1]} 14. Nf3 {[%clk 0:27:39.9]} Bd7 {[%clk 0:25:56.6]} 15. Nh2 {[%clk 0:27:04.8]} Qc8 {[%clk 0:21:46.5]} 16. Qe3 {[%clk 0:21:03.7]} Nb4 {[%clk 0:20:24.5]} 17. Rc1 {[%clk 0:19:54.4]} Rb8 {[%clk 0:17:51.6]} 18. a3 {[%clk 0:16:51.1]} Na6 {[%clk 0:17:56.8]} 19. Nb5 {[%clk 0:15:07.2]} Bxb5 {[%clk 0:18:02.6]} 20. cxb5 {[%clk 0:15:12.8]} Nc7 {[%clk 0:18:10.3]} 21. Rc2 {[%clk 0:10:26.6]} Rf8 {[%clk 0:12:34.3]} 22. Rfc1 {[%clk 0:10:04.6]} Qe8 {[%clk 0:12:05.2]} 23. Bxf6 {[%clk 0:09:49.5]} Bxf6 {[%clk 0:12:10.5]} 24. Qd3 {[%clk 0:09:14.0]} Bg5 {[%clk 0:11:15.9]} 25. Rb1 {[%clk 0:08:22.9]} h5 {[%clk 0:09:43.1]} 26. b4 {[%clk 0:08:20.6]} b6 {[%clk 0:09:23.3]} 27. bxc5 {[%clk 0:08:17.1]} bxc5 {[%clk 0:09:30.7]} 28. a4 {[%clk 0:08:19.2]} f5 {[%clk 0:09:17.9]} 29. Rcb2 {[%clk 0:08:07.2]} Qf7 {[%clk 0:09:07.8]} 30. Nf3 {[%clk 0:07:09.5]} Bh6 {[%clk 0:07:51.8]} 31. a5 {[%clk 0:07:04.8]} fxe4 {[%clk 0:07:13.5]} 32. Qxe4 {[%clk 0:07:06.2]} Kg7 {[%clk 0:06:36.5]} 33. Bc4 {[%clk 0:06:58.7]} Qf4 {[%clk 0:05:30.6]} 34. Qe2 {[%clk 0:04:44.7]} e4 {[%clk 0:05:21.5]} 35. Ne1 {[%clk 0:03:46.8]} Kh8 {[%clk 0:04:29.3]} 36. b6 {[%clk 0:03:41.1]} Bg7 {[%clk 0:04:29.0]} 37. bxc7 {[%clk 0:03:23.9]} Rxb2 {[%clk 0:04:30.4]} 38. Rxb2 {[%clk 0:03:28.5]} Bd4 {[%clk 0:03:23.5]} 39. Rb8 {[%clk 0:03:02.9]} Bxf2+ {[%clk 0:02:49.9]} 40. Kh1 {[%clk 0:02:53.6]} Qf5 {[%clk 0:00:21.4]} 41. Rxf8+ {[%clk 0:02:54.4]} Qxf8 {[%clk 0:00:28.0]} 42. Qb2+ {[%clk 0:02:53.7]} {Black Loss on Time} 1-0

[Event "Club 608 Online 1 - Open B (-1600)"]
[Date "2021.04.10"]
[Round "4.5"]
[White "Solal, Seiler-sar"]
[Black "Maurel, Thibaud"]
[Result "1-0"]
[BlackElo "1256"]
[WhiteElo "1416"]

{Clock started by White.} 1. e4 {[%clk 0:50:08.8]} c5 {[%clk 0:50:02.5]} 2. Nf3 {[%clk 0:50:15.9]} e6 {[%clk 0:50:08.4]} 3. d4 {[%clk 0:50:23.1]} cxd4 {[%clk 0:50:15.3]} 4. Nxd4 {[%clk 0:50:30.1]} Nc6 {[%clk 0:50:15.2]} 5. Be3 {[%clk 0:50:21.0]} Nf6 {[%clk 0:49:57.3]} 6. Nc3 {[%clk 0:50:15.4]} Bb4 {[%clk 0:50:01.7]} 7. f3 {[%clk 0:50:14.0]} a6 {[%clk 0:50:05.9]} 8. Qd2 {[%clk 0:47:39.2]} d5 {[%clk 0:48:21.1]} 9. a3 {[%clk 0:43:42.8]} Bxc3 {[%clk 0:47:07.0]} 10. Qxc3 {[%clk 0:43:19.8]} dxe4 {[%clk 0:46:50.9]} 11. Nxc6 {[%clk 0:42:59.5]} bxc6 {[%clk 0:46:56.5]} 12. fxe4 {[%clk 0:42:52.2]} Bd7 {[%clk 0:46:52.2]} 13. Qc4 {[%clk 0:38:02.6]} 0-0 {[%clk 0:45:54.0]} 14. Bg5 {[%clk 0:37:42.4]} Qa5+ {[%clk 0:45:57.2]} 15. Bd2 {[%clk 0:37:37.6]} Qe5 {[%clk 0:46:02.1]} 16. Bd3 {[%clk 0:35:10.3]} c5 {[%clk 0:45:14.8]} 17. Be3 {[%clk 0:30:20.5]} Qxb2 {[%clk 0:44:31.8]} 18. 0-0 {[%clk 0:30:22.0]} Rfc8 {[%clk 0:43:55.8]} 19. Kh1 {[%clk 0:24:36.6]} Qb3 {[%clk 0:42:52.9]} 20. Qxb3 {[%clk 0:23:17.2]} Ng4 {[%clk 0:41:57.3]} 21. Bd2 {[%clk 0:23:03.4] Black offered a draw.} {Black Resigned} 1-0

[Event "Club 608 Online 1 - Open C (-1200)"]
[Date "2021.04.10"]
[Round "4.5"]
[White "Krebs, Ronan"]
[Black "Ulysse, Leroux"]
[Result "0-1"]
[BlackElo "1009"]
[WhiteElo "1099"]

{Clock started by White.} 1. e4 {[%clk 0:50:07.9]} e5 {[%clk 0:50:07.1]} 2. Nf3 {[%clk 0:50:15.9]} Nc6 {[%clk 0:50:14.2]} 3. Bc4 {[%clk 0:50:23.5]} Nf6 {[%clk 0:50:20.9]} 4. Ng5 {[%clk 0:50:29.6]} d5 {[%clk 0:49:26.0]} 5. exd5 {[%clk 0:50:32.8]} Na5 {[%clk 0:49:24.5]} 6. Bb5+ {[%clk 0:50:19.6]} c6 {[%clk 0:49:30.1]} 7. Ba4 {[%clk 0:50:24.8]} Nxd5 {[%clk 0:49:22.6]} 8. d3 {[%clk 0:50:26.5]} b5 {[%clk 0:49:16.1]} 9. Bb3 {[%clk 0:50:25.9]} Nxb3 {[%clk 0:48:59.1]} 10. cxb3 {[%clk 0:50:30.3]} Bc5 {[%clk 0:49:01.0]} 11. Qf3 {[%clk 0:50:20.9]} 0-0 {[%clk 0:48:58.9]} 12. 0-0 {[%clk 0:50:15.2]} Nf4 {[%clk 0:47:49.4]} 13. Bxf4 {[%clk 0:49:46.1]} exf4 {[%clk 0:47:51.6]} 14. h4 {[%clk 0:49:27.0]} Bf5 {[%clk 0:47:46.2]} 15. Qxc6 {[%clk 0:49:17.8]} Rc8 {[%clk 0:47:28.0]} 16. Qxb5 {[%clk 0:49:09.0]} Bxd3 {[%clk 0:47:34.2]} 17. Qa4 {[%clk 0:47:46.8]} Bxf1 {[%clk 0:47:36.1]} 18. Kxf1 {[%clk 0:47:53.4]} Qd1# {[%clk 0:46:33.3]} 0-1

[Event "Club 608 Online 1 - Open A (-2200)"]
[Date "2021.04.10"]
[Round "4.5"]
[White "Pierre Yves, Feldis"]
[Black "Thevenon, Thomas"]
[Result "1/2-1/2"]
[BlackCountry "FRA"]
[BlackElo "1632"]
[BlackFideId "551008645"]
[WhiteElo "1544"]

1. c4 {[%clk 0:50:10.0]} d6 {[%clk 0:49:32.7]} 2. Nc3 {[%clk 0:50:12.7]} Nf6 {[%clk 0:49:38.7]} 3. g3 {[%clk 0:49:03.6]} e5 {[%clk 0:49:04.7]} 4. Bg2 {[%clk 0:49:06.1]} c6 {[%clk 0:49:10.3]} 5. f4 {[%clk 0:48:58.3]} Be6 {[%clk 0:48:53.8]} 6. d3 {[%clk 0:49:03.1]} Qb6 {[%clk 0:48:21.9]} 7. Qb3 {[%clk 0:48:41.5]} Nbd7 {[%clk 0:47:10.6]} 8. Qxb6 {[%clk 0:48:07.7]} Nxb6 {[%clk 0:47:14.2]} 9. Nf3 {[%clk 0:48:12.6]} Nbd7 {[%clk 0:46:52.9]} 10. e4 {[%clk 0:46:50.9]} Nc5 {[%clk 0:45:55.6]} 11. Ke2 {[%clk 0:46:42.6]} exf4 {[%clk 0:45:32.1]} 12. Bxf4 {[%clk 0:46:44.2]} h6 {[%clk 0:44:33.0]} 13. b4 {[%clk 0:44:57.8]} Ncd7 {[%clk 0:43:50.0]} 14. h3 {[%clk 0:44:36.3]} g5 {[%clk 0:43:44.6]} 15. Be3 {[%clk 0:44:36.4]} 0-0-0 {[%clk 0:42:50.2]} 16. Rac1 {[%clk 0:43:59.0]} Kb8 {[%clk 0:42:52.1]} 17. Nd4 {[%clk 0:42:47.0]} Ne5 {[%clk 0:42:09.2]} 18. g4 {[%clk 0:42:03.7]} c5 {[%clk 0:41:43.0]} 19. Nxe6 {[%clk 0:41:09.2]} fxe6 {[%clk 0:41:51.2]} 20. b5 {[%clk 0:40:50.3]} Bg7 {[%clk 0:41:31.6]} 21. Na4 {[%clk 0:39:46.3]} Ned7 {[%clk 0:40:51.0]} 22. d4 {[%clk 0:39:28.5]} cxd4 {[%clk 0:39:00.2]} 23. Bxd4 {[%clk 0:39:31.7]} e5 {[%clk 0:36:02.4]} 24. Bf2 {[%clk 0:39:30.2]} b6 {[%clk 0:36:07.4]} 25. Rhd1 {[%clk 0:39:09.7]} Nc5 {[%clk 0:35:54.5]} 26. Bxc5 {[%clk 0:38:29.6]} dxc5 {[%clk 0:35:41.0]} 27. Rxd8+ {[%clk 0:37:57.3]} Rxd8 {[%clk 0:35:45.4]} 28. Rd1 {[%clk 0:38:04.5]} Rd4 {[%clk 0:35:29.2]} 29. Rxd4 {[%clk 0:38:08.0]} cxd4 {[%clk 0:33:26.8]} 30. Kd3 {[%clk 0:38:07.2]} Nd7 {[%clk 0:31:56.5]} 31. Bf3 {[%clk 0:37:50.0]} Kc7 {[%clk 0:30:10.3]} 32. Be2 {[%clk 0:37:43.6] White offered a draw.} Kd6 {[%clk 0:30:06.8]} 33. Bf3 {[%clk 0:37:42.6]} Nc5+ {[%clk 0:30:14.1]} 34. Nxc5 {[%clk 0:37:37.6]} Kxc5 {[%clk 0:30:15.0]} 35. a3 {[%clk 0:37:30.3]} Bf8 {[%clk 0:30:16.0]} 36. Kc2 {[%clk 0:37:24.0]} Kxc4 {[%clk 0:30:16.8]} 37. Be2+ {[%clk 0:37:16.0]} Kc5 {[%clk 0:29:46.4]} 38. Kb3 {[%clk 0:37:18.9]} Kd6 {[%clk 0:29:20.2]} 39. Kc4 {[%clk 0:37:12.5]} Ke6 {[%clk 0:29:11.1]} 40. a4 {[%clk 0:37:17.3]} Bc5 {[%clk 0:29:12.6]} 41. Bd3 {[%clk 0:37:14.5]} Kd6 {[%clk 0:28:38.5]} 42. Be2 {[%clk 0:37:15.0]} Ba3 {[%clk 0:28:21.7]} 43. Bd3 {[%clk 0:37:18.6]} Bb2 {[%clk 0:28:06.8]} 44. Be2 {[%clk 0:37:17.9] White offered a draw.} d3 {[%clk 0:26:44.0]} 45. Bxd3 {[%clk 0:37:19.3]} Bd4 {[%clk 0:26:50.1] Black offered a draw.} 46. Be2 {[%clk 0:37:22.9]} Bf2 {[%clk 0:26:52.5]} 47. Bd3 {[%clk 0:37:29.6]} Be1 {[%clk 0:27:00.8]} 48. Be2 {[%clk 0:37:35.0]} Ba5 {[%clk 0:27:09.1]} 49. Bd3 {[%clk 0:37:41.3]} Be1 {[%clk 0:27:17.9]} 50. Be2 {[%clk 0:37:45.9]} Ba5 {[%clk 0:27:26.7]} 51. Bd3 {[%clk 0:37:53.3]} Be1 {[%clk 0:27:35.3]} {Draw by Repetition} 1/2-1/2

[Event "Club 608 Online 1 - Open B (-1600)"]
[Date "2021.04.10"]
[Round "4.6"]
[White "Rakotomamonjy, Logan"]
[Black "Piquard, Yaroslav"]
[Result "1-0"]
[BlackElo "1415"]
[WhiteElo "1305"]

1. e4 {[%clk 0:50:10.0]} c6 {[%clk 0:50:07.4]} 2. d4 {[%clk 0:50:09.4]} d5 {[%clk 0:50:08.9]} 3. Nc3 {[%clk 0:50:02.4]} dxe4 {[%clk 0:50:12.9]} 4. Nxe4 {[%clk 0:49:47.0]} Bf5 {[%clk 0:50:18.3]} 5. Ng3 {[%clk 0:49:43.0]} Bg6 {[%clk 0:50:24.5]} 6. h4 {[%clk 0:49:27.2]} h6 {[%clk 0:50:30.4]} 7. Nh3 {[%clk 0:49:18.5]} Nf6 {[%clk 0:50:35.1]} 8. Nf4 {[%clk 0:49:10.7]} Bh7 {[%clk 0:50:40.5]} 9. Bc4 {[%clk 0:48:56.7]} e6 {[%clk 0:50:44.3]} 10. 0-0 {[%clk 0:48:30.7]} Bd6 {[%clk 0:50:39.5]} 11. c3 {[%clk 0:47:30.9]} Qc7 {[%clk 0:50:40.7]} 12. Qf3 {[%clk 0:45:39.5]} Nbd7 {[%clk 0:47:46.5]} 13. Re1 {[%clk 0:43:02.6]} Nd5 {[%clk 0:46:31.2]} 14. Nxd5 {[%clk 0:41:09.4]} cxd5 {[%clk 0:46:22.9]} 15. Bxd5 {[%clk 0:39:50.2]} 0-0-0 {[%clk 0:46:26.0]} 16. Bb3 {[%clk 0:39:34.5]} Bxg3 {[%clk 0:46:03.6]} 17. Qxg3 {[%clk 0:39:36.1]} Qxg3 {[%clk 0:46:07.8]} 18. fxg3 {[%clk 0:39:43.3]} Nf6 {[%clk 0:45:51.4]} 19. Bf4 {[%clk 0:39:36.6]} Rhg8 {[%clk 0:45:34.9]} 20. Kf2 {[%clk 0:39:32.6]} g5 {[%clk 0:45:31.1]} 21. Be5 {[%clk 0:38:05.5]} Ne4+ {[%clk 0:44:20.6]} 22. Kg1 {[%clk 0:37:27.6]} Kd7 {[%clk 0:43:23.1]} 23. d5 {[%clk 0:35:43.9]} Nc5 {[%clk 0:40:28.0]} 24. dxe6+ {[%clk 0:35:17.6]} Nxe6 {[%clk 0:40:19.2]} 25. Bf6 {[%clk 0:34:58.9]} Rde8 {[%clk 0:39:44.5]} 26. Ba4+ {[%clk 0:34:33.7]} Kc7 {[%clk 0:39:36.8]} 27. Bxe8 {[%clk 0:34:28.4]} Rxe8 {[%clk 0:39:39.7]} 28. hxg5 {[%clk 0:34:22.1]} hxg5 {[%clk 0:39:36.1]} 29. Bxg5 {[%clk 0:34:29.8]} Rg8 {[%clk 0:39:43.5]} 30. Bf4+ {[%clk 0:34:36.8]} Kc6 {[%clk 0:39:32.3]} 31. Rad1 {[%clk 0:34:36.2]} Rg4 {[%clk 0:34:56.7]} 32. Be5 {[%clk 0:34:17.5]} Ra4 {[%clk 0:32:43.5]} 33. a3 {[%clk 0:33:59.3]} Bg6 {[%clk 0:32:26.8]} 34. Rd6+ {[%clk 0:32:59.0]} Kc5 {[%clk 0:32:19.9]} 35. Red1 {[%clk 0:31:38.4]} Be4 {[%clk 0:31:47.4]} 36. b3 {[%clk 0:31:34.5]} Rxa3 {[%clk 0:31:05.8]} 37. Rd7 {[%clk 0:30:34.9]} f5 {[%clk 0:30:23.4]} 38. Bd6+ {[%clk 0:30:30.4]} {Black Resigned} 1-0

[Event "Club 608 Online 1 - Open C (-1200)"]
[Date "2021.04.10"]
[Round "4.7"]
[White "Landoeuer, Jessy"]
[Black "Annie, Vallee"]
[Result "1-0"]
[BlackElo "1033"]
[WhiteElo "1009"]
[WhiteFideId "551047454"]

{Clock started by White.} 1. e4 {[%clk 0:50:00.6]} d6 {[%clk 0:50:05.7]} 2. d4 {[%clk 0:50:00.3]} Nf6 {[%clk 0:50:10.3]} 3. Nc3 {[%clk 0:50:05.5]} c6 {[%clk 0:50:13.7]} 4. Nf3 {[%clk 0:50:03.7]} g6 {[%clk 0:50:11.7]} 5. e5 {[%clk 0:49:57.8]} dxe5 {[%clk 0:50:10.3]} 6. dxe5 {[%clk 0:50:00.6]} Nfd7 {[%clk 0:50:17.5]} 7. b3 {[%clk 0:49:55.7]} e6 {[%clk 0:50:22.7]} 8. Bb2 {[%clk 0:50:00.7]} Bg7 {[%clk 0:50:29.4]} 9. Ne4 {[%clk 0:49:59.6]} 0-0 {[%clk 0:50:31.7]} 10. Neg5 {[%clk 0:49:06.0]} f6 {[%clk 0:50:24.1]} 11. exf6 {[%clk 0:49:09.7]} Nxf6 {[%clk 0:50:31.3]} 12. Bxf6 {[%clk 0:49:12.1]} Bxf6 {[%clk 0:50:35.8]} 13. Ne4 {[%clk 0:49:05.0]} Be7 {[%clk 0:50:10.4]} 14. Qe2 {[%clk 0:49:03.5]} Qa5+ {[%clk 0:50:08.0]} 15. c3 {[%clk 0:49:03.6]} b5 {[%clk 0:50:02.3]} 16. b4 {[%clk 0:49:08.6]} Qb6 {[%clk 0:49:46.9]} 17. g3 {[%clk 0:49:09.8]} Bb7 {[%clk 0:49:52.5]} 18. Bg2 {[%clk 0:49:12.3]} Nd7 {[%clk 0:49:57.9]} 19. 0-0 {[%clk 0:49:19.1]} Nf6 {[%clk 0:49:57.4]} 20. Nd6 {[%clk 0:49:08.7]} Bxd6 {[%clk 0:50:00.7]} 21. Qxe6+ {[%clk 0:49:13.9]} Kh8 {[%clk 0:49:55.0]} 22. Qxd6 {[%clk 0:49:16.0]} Rad8 {[%clk 0:49:42.4]} 23. Qe7 {[%clk 0:48:47.8]} Nd5 {[%clk 0:48:32.5]} 24. Qe5+ {[%clk 0:48:26.7]} Kg8 {[%clk 0:48:34.7]} 25. Ng5 {[%clk 0:48:13.2]} Rde8 {[%clk 0:48:27.9]} 26. Qd6 {[%clk 0:47:54.2]} Nxc3 {[%clk 0:48:29.8]} 27. Qd7 {[%clk 0:47:46.2]} Ne2+ {[%clk 0:48:32.7]} 28. Kh1 {[%clk 0:47:48.9]} Rd8 {[%clk 0:48:01.5]} 29. Qxh7# {[%clk 0:47:48.6]} 1-0

[Event "Club 608 Online 1 - Open C (-1200)"]
[Date "2021.04.10"]
[Round "4.8"]
[White "Chatenay, Rémi"]
[Black "Coffin, Mathis"]
[Result "1-0"]
[BlackElo "1009"]
[WhiteElo "1199"]

1. d4 {[%clk 0:50:10.0]} d5 {[%clk 0:50:04.0]} 2. c4 {[%clk 0:50:17.6]} Nf6 {[%clk 0:50:04.3]} 3. Nf3 {[%clk 0:50:22.5]} Bf5 {[%clk 0:50:01.4]} 4. Nc3 {[%clk 0:49:46.4]} dxc4 {[%clk 0:50:03.2]} 5. e3 {[%clk 0:49:51.6]} e6 {[%clk 0:50:04.1]} 6. Bxc4 {[%clk 0:49:55.0]} Bd6 {[%clk 0:50:02.9]} 7. 0-0 {[%clk 0:49:20.3]} Nc6 {[%clk 0:49:37.8]} 8. Re1 {[%clk 0:48:16.4]} Bg6 {[%clk 0:49:23.9]} 9. e4 {[%clk 0:47:08.2]} Ng4 {[%clk 0:49:14.5]} 10. h3 {[%clk 0:44:20.4]} Nf6 {[%clk 0:48:56.2]} 11. e5 {[%clk 0:43:24.0]} Bb4 {[%clk 0:48:54.9]} 12. exf6 {[%clk 0:43:22.6]} Bxc3 {[%clk 0:48:59.5]} 13. bxc3 {[%clk 0:42:56.0]} Qxf6 {[%clk 0:49:01.3]} 14. Bg5 {[%clk 0:39:27.6]} Qf5 {[%clk 0:49:04.9]} 15. d5 {[%clk 0:38:08.7]} Qc2 {[%clk 0:49:07.1]} 16. dxc6 {[%clk 0:35:55.6]} Qxd1 {[%clk 0:49:11.0]} 17. Raxd1 {[%clk 0:35:59.7]} bxc6 {[%clk 0:49:10.9]} 18. Rd3 {[%clk 0:34:33.7]} Bxd3 {[%clk 0:49:12.6]} 19. Bxd3 {[%clk 0:34:26.2]} h6 {[%clk 0:49:14.6]} 20. Be3 {[%clk 0:34:11.3]} Rd8 {[%clk 0:49:07.3]} 21. Rd1 {[%clk 0:34:18.5]} 0-0 {[%clk 0:49:10.0]} 22. Rd2 {[%clk 0:34:18.6]} c5 {[%clk 0:49:13.9]} 23. Bxc5 {[%clk 0:34:23.2]} Rfe8 {[%clk 0:49:10.8]} 24. Ne5 {[%clk 0:31:10.2]} f6 {[%clk 0:49:00.5]} 25. Nc6 {[%clk 0:30:56.7]} Rd5 {[%clk 0:48:59.8]} 26. Ne7+ {[%clk 0:30:46.0]} Rxe7 {[%clk 0:48:57.0]} 27. Bxe7 {[%clk 0:30:50.2]} f5 {[%clk 0:49:01.4]} 28. Kf1 {[%clk 0:28:02.2]} Kh7 {[%clk 0:49:01.4]} 29. f4 {[%clk 0:28:04.0]} g5 {[%clk 0:49:03.5]} 30. c4 {[%clk 0:27:22.3]} Rd4 {[%clk 0:49:03.2]} 31. Bxf5+ {[%clk 0:27:23.5]} exf5 {[%clk 0:48:57.9]} 32. Rxd4 {[%clk 0:27:30.9]} gxf4 {[%clk 0:49:03.4]} 33. Rxf4 {[%clk 0:27:36.6]} Kg6 {[%clk 0:49:03.9]} 34. c5 {[%clk 0:27:33.0]} c6 {[%clk 0:49:05.8]} 35. Ra4 {[%clk 0:27:38.9]} {Black Resigned} 1-0